Bharat dictionary of geography / (Record no. 130735)
[ view plain ]
| 000 -LEADER | |
|---|---|
| fixed length control field | 00670nam a22002177a 4500 |
| 005 - DATE AND TIME OF LATEST TRANSACTION | |
| control field | 20170124110116.0 |
| 010 ## - LIBRARY OF CONGRESS CONTROL NUMBER | |
| LC control number | A-681550 |
| 020 ## - INTERNATIONAL STANDARD BOOK NUMBER | |
| Terms of availability | 75.00 |
| 035 ## - SYSTEM CONTROL NUMBER | |
| System control number | A-681550 |
| 037 ## - SOURCE OF ACQUISITION | |
| Source of stock number/acquisition | Cen Lib/Ret |
| 040 ## - CATALOGING SOURCE | |
| Original cataloging agency | DPL |
| Language of cataloging | EN |
| 082 ## - DEWEY DECIMAL CLASSIFICATION NUMBER | |
| Classification number | 910.3 |
| Item number | BHA |
| 245 ## - TITLE STATEMENT | |
| Title | Bharat dictionary of geography / |
| Statement of responsibility, etc | edited by alexander S. Job |
| 260 ## - PUBLICATION, DISTRIBUTION, ETC. (IMPRINT) | |
| Place of publication, distribution, etc | New Delhi |
| Name of publisher, distributor, etc | Bharat Publishing house |
| Date of publication, distribution, etc | 1994 |
| 270 ## - ADDRESS | |
| City | New Delhi |
| Address | 123, Durga Chambers, Desh Bandhu Gupta Road |
| Postal code | 110005 |
| 300 ## - PHYSICAL DESCRIPTION | |
| Extent | 200p. : |
| Dimensions | 25cm(Hb) |
| Other physical details | ill. |
| 650 ## - SUBJECT ADDED ENTRY--TOPICAL TERM | |
| Topical term or geographic name as entry element | Geography -- Dictionaries |
| 9 (RLIN) | 28776 |
| 650 ## - SUBJECT ADDED ENTRY--TOPICAL TERM | |
| Topical term or geographic name as entry element | Geography |
| 9 (RLIN) | 29973 |
| 700 ## - ADDED ENTRY--PERSONAL NAME | |
| Personal name | Job, alexander S. |
| 9 (RLIN) | 29974 |
| 942 ## - ADDED ENTRY ELEMENTS (KOHA) | |
| Source of classification or shelving scheme | Dewey Decimal Classification |
| Koha item type | English Books |
| Classification part | 910.3 |
| Call number suffix | BHA |
| Withdrawn status | Lost status | Damaged status | Not for loan | Home library | Current library | Date acquired | Source of acquisition | Cost, normal purchase price | Total Checkouts | Full call number | Barcode | Date last seen | Copy number | Cost, replacement price | Price effective from | Koha item type | Public note | Source of classification or shelving scheme | Collection code | Date checked out |
|---|---|---|---|---|---|---|---|---|---|---|---|---|---|---|---|---|---|---|---|---|
| Written off | Central Library | Central Library | 10/07/2015 | Cen Lib/Ret | 75.00 | 910.3 BHA | A-681550 | 10/07/2015 | 1 | 75.00 | 10/07/2015 | English Books | W/d List No. 8134/13; dtd 20.2.2017 | |||||||
| Sarojini Nagar | Sarojini Nagar | 16/05/2019 | 1 | 910.3 BHA | b-161341 | 20/08/2019 | 16/05/2019 | English Books | Dewey Decimal Classification | Non-fiction | 03/08/2019 |
